000 01030pam a2200277 a 4500
999 _c128677
_d128677
001 4786431
003 ARRUPE
005 20181129123103.0
008 870610s1987 nyuaf b 001 0beng
010 _a 87018432
020 _a0671475185
040 _aDLC
_cDLC
_dDLC
050 0 0 _aRC438.6.H67
_bQ56 1987
082 0 0 _a150.19/5/0924
_aB
_219
100 1 _aQuinn, Susan,
_d1940-
_943708
245 1 2 _aA mind of her own :
_bthe life of Karen Horney /
_cSusan Quinn.
260 _aNew York :
_bSummit Books,
_cc1987.
300 _a479 p. :
_bill. ;
_c25 cm.
500 _aIncludes index.
504 _a"Works of Karen Horney": p. 463-466.
504 _aBibliography: p. 456-462.
600 1 0 _aHorney, Karen,
_d1885-1952.
_928052
650 0 _aPsychoanalysts
_zUnited States
_xBiography.
_943709
906 _a7
_bcbc
_corignew
_d1
_eocip
_f19
_gy-gencatlg
942 _2lcc
_cMONOGRAPH